|
|
|
|
| LEADER |
01009aam a22002898a 4500 |
| 001 |
00027405 |
| 005 |
20171026081025.0 |
| 008 |
111110s2011 ||||||viesd |
| 041 |
0 |
# |
|a vie
|
| 082 |
1 |
4 |
|a 398.095 97
|b V115H
|
| 245 |
0 |
0 |
|a Văn hóa Yên Hưng
|b (di tích, văn bia, câu đối, đại tự)
|c Lê Đồng Sơn chủ biên
|
| 260 |
# |
# |
|a Hà Nội
|b Dân trí
|c 2011
|
| 300 |
# |
# |
|a 655 tr.
|c 21 cm.
|
| 500 |
# |
# |
|a ĐTTS ghi : Hội Văn nghệ dân gian Việt Nam
|
| 541 |
# |
# |
|a Tặng
|
| 650 |
# |
4 |
|a Văn hóa dân gian
|z Việt Nam
|
| 653 |
# |
# |
|a Câu đối
|
| 653 |
# |
# |
|a Đại tự
|
| 653 |
# |
# |
|a Yên Hưng
|
| 653 |
# |
# |
|a Văn bia
|
| 653 |
# |
# |
|a Di tích
|
| 700 |
1 |
# |
|a Lê, Đồng Sơn
|e chủ biên
|
| 710 |
2 |
# |
|a Hội Văn nghệ dân gian Việt Nam
|
| 852 |
# |
# |
|j KD.0012025
|
| 852 |
# |
# |
|b Kho đọc
|j KD.0012025
|
| 910 |
0 |
# |
|a Ntuyet
|d 10/11/2011
|
| 980 |
# |
# |
|a Trung tâm Học liệu Lê Vũ Hùng, Trường Đại học Đồng Tháp
|